000 01655cam a22004334i 4500
003 PE-LiUPU
005 20250731183431.0
008 150706s r 000 0 d
020 _a9786074370928
035 _a(Sirsi) i9786074370928
040 _aPE-LiUPU
_bspa
_cPE-LiUPU
_erda
049 _aPRUA
082 0 4 _a747.7
_bDI b
_221
100 1 _aHaro Lebrija, Fernando De,
_eautor.
245 1 0 _aDesign inside :
_bbedrooms, dormitorios, chambres, schlafzimmer /
_cFernando de Haro y Omar Fuentes.
264 1 _aMéxico :
_bAM Editores,
_c2010.
300 _a347 páginas :
_bilustraciones a color ;
_c20 cm.
336 _atext
_2rdacontent
337 _aunmediated
_2rdamedia
338 _avolume
_2rdacarrier
490 0 _aDesign inside
505 0 _aIntroducción -- Textura -- Estilo -- Tranquilidad -- Créditos.
526 _aP158
526 _aP146
526 _aP17
526 _aP12
526 _aP06
541 _g001-003517;
650 0 4 _aDecoración de interiores.
650 0 4 _aHabitaciones
_vLibros de láminas.
650 0 4 _aDecoración
_vLibros de láminas.
700 1 _aFuentes, Omar,
_eautor.
910 _agl
_bjv
_clch
_d20120530
942 _2ddc
_cBOOK
949 _a747.7 DI B
_wDEWEY
_c1
_i64727
_lCCODEBUL1
_mBUL
_p20.00
_r0
_sY
_tBOOK
_u2015-7-6
_xINGENIERIA
_PP06
_o.STAFF. Colección General
994 _aC0
_bPEPRU
596 _a1
999 _a747.7 DI B
_wDEWEY
_c53428
_i64727
_d53428
_e2015-9-30
_f2021-11-10
_g7
_lCCODEBUL1
_mBUL
_n1
_p20.00
_r0
_sY
_tBOOK
_u2015-7-6
_xINGENIERIA
_PP06
_0COMPRA
_o.STAFF. Colección General
980 _81
_gALBERTO SANCHEZ Responsable de Automatización